=LDR 00000nam 2200000 4500 =001 INLIS000000000008683 =005 20200707110259 =035 ##$$a 0010-061300000008683 =008 200707################g##########0#ind## =041 ##$$a Ind =082 ##$$a 2x5.1 =090 ##$$a 2x5.1 Hid u =100 ##$$a Hidayat, F. Kusnandar =245 1#$$a Untuk Cahaya Mataku : $b Nasihat Seorang Ayah untuk Ananda Tercinta /$c F.Kusnandar Hidayat =260 ##$$a Jakarta :$b Hikmah,$c 2002. =300 ##$$a xxi, 163 hlm, ; $c 19 X 12 cm. =650 #4$$a Pendidikan Akhlak =084 ##$$a 2x5.1 HID u =250 ##$$a cet.1 =504 ##$$a Biografi :hlm.163-164 =990 ##$$a 173.872/Pro-02 =990 ##$$a DW00029565 =990 ##$$a DW00029566 =990 ##$$a DW00029567